000 00629cam a2200193 a 4500
020 _a97800387369136
020 _a0387369139
082 0 0 _a631.
_bFIE/IN
100 1 _aField, Harry L.,
_91026
245 1 3 _aIntroduction to Agricultural Engineering Technology : A Problem Solving Approach
250 _a3, Indian edition
260 _aNew York :
_bSpringer,
_c2009
300 _avi, 389 p. :
_bill. ;
500 _aRev. ed. of: An introduction to agricultural engineering / Lawrence O. Roth. c1991.
500 _aIncludes index.
650 0 _aAgricultural Engineering.
_9115
700 1 _aSolie, John B.
_91027
942 _cBK
999 _c13640
_d13640